UBT Library

Virtual private networking : (Record no. 41707)

000 -LEADER
fixed length control field 00726cam a22002537a 4500
001 - CONTROL NUMBER
control field 13634878
005 - DATE AND TIME OF LATEST TRANSACTION
control field 20180202094535.0
008 - FIXED-LENGTH DATA ELEMENTS--GENERAL INFORMATION
fixed length control field 040624s2004 enka 001 0 eng
010 ## - LIBRARY OF CONGRESS CONTROL NUMBER
LC control number 2004273037
015 ## - NATIONAL BIBLIOGRAPHY NUMBER
National bibliography number GBA3-U2964
020 ## - INTERNATIONAL STANDARD BOOK NUMBER
International Standard Book Number 0470854324
035 ## - SYSTEM CONTROL NUMBER
System control number (OCoLC)ocm53155690
040 ## - CATALOGING SOURCE
Original cataloging agency UKM
Transcribing agency UKM
Modifying agency C#P
-- DLC
041 ## - LANGUAGE CODE
Language code of text/sound track or separate title eng
042 ## - AUTHENTICATION CODE
Authentication code lccopycat
080 ## - UNIVERSAL DECIMAL CLASSIFICATION NUMBER
Universal Decimal Classification number 650.028546 GIL
082 04 - DEWEY DECIMAL CLASSIFICATION NUMBER
Classification number 650.028546 GIL
Edition number 21
100 1# - Rafti
Rafti 30
101 ## - Shkurtesa
Shkurtesa SHK
245 10 - TITLE STATEMENT
Title Virtual private networking :
Statement of responsibility, etc Gilbert Held.
906 ## - LOCAL DATA ELEMENT F, LDF (RLIN)
a 7
b cbc
c copycat
d 2
e ncip
f 20
g y-gencatlg
942 ## - ADDED ENTRY ELEMENTS (KOHA)
Source of classification or shelving scheme
Item type Books
Holdings
Withdrawn status Lost status Source of classification or shelving scheme Damaged status Not for loan Collection code Permanent location Current location Shelving location Date acquired Total Checkouts Full call number Barcode Date last seen Price effective from Koha item type
          Koleksioni i përgjithshem UBT - Lipjan UBT - Lipjan Koleksioni i përgjithshem 02/02/2018   650.028546 GIL 002-2997553 02/02/2018 02/02/2018 Books
UBT Library © 2015-2024. All rights reserved University Education for Business and Technology